Codigo nacional de los recursos naturales renovables y de proteccion al medio ambiente / (Registro nro. 3871)

Detalles MARC
000 -CABECERA
Campo de control 00869cam a2200241 a 4500
005 - FECHA Y HORA DE LA ULTIMA TRANSACCION
Campo de control 20160504155051.0
008 - ELEMENTOS DE LONGITUD FIJA—INFORMACION GENERAL
Campo de control 000601n1999 ck rl 00010 spa d
040 ## - FUENTE DE CATALOGACIÓN
Agencia catalogadora original la
Agencia transcriptora la
Agencia Modificadora CO-BoIAVH
041 0# - IDIOMA
Código de idioma para texto/pista de sonido o título separado Español
044 ## - PAÍS DE PUBLICACIÓN
País de publicación Colombia
082 04 - NUMERO DE CLASIFICACION DECIMAL DEWEY
Número de clasificación 333.72
Número del ítem C65c
110 1# - ASIENTO PRINCIPAL--NOMBRE CORPORATIVO
Nombre corporativo o de jurisdicción como elemento de entrada Colombia.
9 (RLIN) 67435
245 10 - MENCION DE TITULO
Título Codigo nacional de los recursos naturales renovables y de proteccion al medio ambiente /
Mención de responsabilidad INDERENA.
260 ## - PUBLICACION, DISTRIBUCION, ETC. (PIE DE IMPRENTA)
Lugar de publicación, distribución, etc. Bogota :
Nombre del editor, distribuidor, etc. INDERENA,
Fecha de publicación, distribución, etc. 1999.
300 ## - DESCRIPCION FISICA
Extensión 99 páginas ;
Dimensiones 27 x 13 cm.
500 ## - NOTA GENERAL
Nota general Incluye índice.
650 #6 - ASIENTO SECUNDARIO DE MATERIA - TERMINO TEMATICO
Término temático o nombre geográfico como elemento de entrada Legislación medioambiental
Subdivisión geográfica Colombia.
9 (RLIN) 67436
650 #4 - ASIENTO SECUNDARIO DE MATERIA - TERMINO TEMATICO
Término temático o nombre geográfico como elemento de entrada Protección del medio ambiente
Subdivisión general Legislación
Subdivisión geográfica Colombia.
9 (RLIN) 67437
650 #6 - ASIENTO SECUNDARIO DE MATERIA - TERMINO TEMATICO
Término temático o nombre geográfico como elemento de entrada Control ambiental
Subdivisión general Legislación
Subdivisión geográfica Colombia.
9 (RLIN) 67438
710 2# - ASIENTO SECUNDARIO - NOMBRE CORPORATIVO
Nombre corporativo o de jurisdicción como elemento de entrada Instituto Nacional de los Recursos Naturales Renovables y del Ambiente.
9 (RLIN) 67439
942 ## - ELEMENTOS ADICIONALES (KOHA)
Sistema de clasificación Dewey Decimal Classification
Tipo de ítem Libro
949 ## - LOCAL PROCESSING INFORMATION (OCLC)
a c
b c
Existencias
Withdrawn status Lost status Sistema de Clasificación Damaged status No para préstamo Colección Inventariado Ubicación Permanente Ubicación actual Fecha de adquisición Fuente de Valor Valor Total Checkouts Número topográfico Inventario / Código de Barras Date last seen Ejemplar Price effective from Forma de adquisición Tipo de material
    Dewey Decimal Classification     General Inventariado 2017 Bogotá Bogotá 15/06/2004 Minambiente 39000.00   LB-333.72 C65c 016032 04/12/2012 Ej. 1 04/12/2012   Libro
    Dewey Decimal Classification     General Inventariado 2017 Sala Fabio Quevedo Sala Fabio Quevedo 15/06/2004 Minambiente 39000.00   LB-333.72 C65c 015787 04/12/2012 Ej. 2 04/12/2012 Donación Libro
    Local     General   Villa de Leyva Villa de Leyva 15/06/2004 Minambiente     LB-03599 016031 04/12/2012 Ej. 3 04/12/2012   Libro